[Event "III Festival A"]
[Site "Savigliano ITA"]
[Date "2003.05.??"]
[Round "1"]
[White "D'Ingiullo, Roberto"]
[Black "Trabert, Bettina"]
[Result "1-0"]
[WhiteElo "1918"]
[BlackElo "2292"]
[PlyCount "91"]
[EventDate "2003.05.15"]

1.e4 e5 2.Nf3 Nc6 3.Bb5 a6 4.Bxc6 dxc6 5.Nc3 Bc5 6.d3 Qe7 7.Be3 Bg4 8.Qe2 
Nf6 9.h3 Bxf3 10.Qxf3 Bd4 11.O-O O-O-O 12.Ne2 Bxb2 13.Rab1 Bd4 14.Rb3 Bc5 
15.Rfb1 b6 16.Bxc5 Qxc5 17.Nc3 Qe7 18.Na4 Nd7 19.d4 exd4 20.Qd3 Nc5 21.
Nxc5 Qxc5 22.Qxa6+ Kd7 23.Qe2 h5 24.Rg3 g6 25.Rd1 Ke7 26.Qd2 Qe5 27.Rg5 
Qf6 28.f4 c5 29.f5 gxf5 30.Rxf5 Qh6 31.Qf2 Rh7 32.Qh4+ f6 33.e5 Rf8 34.
exf6+ Kf7 35.Re1 Kg8 36.Qg3+ Kh8 37.Qe5 Rff7 38.Qg3 Rf8 39.Qf3 Qg6 40.Ree5
h4 41.Rg5 Qxc2 42.Rh5 Qb1+ 43.Kh2 Qg6 44.Rhg5 Qc2 45.Rg7 Rh6 46.Reg5 1-0

[Event "III Festival A"]
[Site "Savigliano ITA"]
[Date "2003.05.??"]
[Round "2"]
[White "Astengo, Marcello"]
[Black "Skembris, Spyridon"]
[Result "0-1"]
[WhiteElo "2055"]
[BlackElo "2448"]
[PlyCount "68"]
[EventDate "2003.05.15"]

1.d4 Nf6 2.c4 e6 3.Nc3 Bb4 4.Qc2 Nc6 5.Nf3 d5 6.e3 O-O 7.Bd3 dxc4 8.Bxc4 
a6 9.O-O Bd6 10.a3 e5 11.d5 Ne7 12.e4 Ng6 13.Be3 Nh5 14.Ne2 f5 15.exf5 
Bxf5 16.Bd3 Bxd3 17.Qxd3 Nhf4 18.Nxf4 exf4 19.Bd4 Qd7 20.Rfe1 Rf5 21.Bc3 
Qf7 22.Rad1 Rd8 23.Re6 Bf8 24.Qe4 Ne7 25.d6 Nc6 26.d7 g6 27.Nh4 Rc5 28.Rf6
Rxd7 29.Rxf7 Rxd1+ 30.Be1 Kxf7 31.Nf3 Bd6 32.h4 Nd4 33.Nxd4 Re5 34.Qxf4+ 
Kg8 0-1

[Event "III Festival A"]
[Site "Savigliano ITA"]
[Date "2003.05.??"]
[Round "5"]
[White "Pepino, Enrico"]
[Black "Trumpf, Walter"]
[Result "1-0"]
[WhiteElo "2058"]
[BlackElo "2098"]
[PlyCount "60"]
[EventDate "2003.05.15"]

1.e4 g6 2.d4 Bg7 3.Nc3 d6 4.f4 a6 5.a4 Nf6 6.Nf3 Bg4 7.Be3 O-O 8.h3 Bxf3 
9.Qxf3 Nbd7 10.e5 Ne8 11.Bc4 e6 12.O-O c5 13.Rad1 Qc7 14.d5 Nb6 15.Ba2 
exd5 16.a5 d4 17.axb6 Qxb6 18.f5 gxf5 19.Qxf5 dxe5 20.Bxf7+ Kh8 21.Nd5 Qc6
22.Ne7 Qc7 23.Qg5 Bf6 24.Ng6+ Kg7 25.Qh6+ Kxf7 26.Qxh7+ Ng7 27.Bg5 Ke6 28.
Nxf8+ Rxf8 29.Bxf6 Rxf6 30.Rxf6+ Kxf6 1-0

[Event "III Festival A"]
[Site "Savigliano ITA"]
[Date "2003.05.??"]
[Round "6"]
[White "Miladinovic, Igor"]
[Black "Sanchez, Joseph"]
[Result "1-0"]
[WhiteElo "2533"]
[BlackElo "2342"]
[PlyCount "95"]
[EventDate "2003.05.15"]

1.d4 d5 2.Bg5 c6 3.e3 Qb6 4.Qc1 Bf5 5.Nf3 Nd7 6.c4 e6 7.Nc3 h6 8.Bh4 Be7 
9.Bg3 Ngf6 10.c5 Qd8 11.h3 Ne4 12.Nxe4 Bxe4 13.Nd2 Bg6 14.b4 O-O 15.Be2 
Bf6 16.O-O e5 17.Nb3 Re8 18.Bg4 h5 19.Bxd7 Qxd7 20.dxe5 Bxe5 21.Bxe5 Rxe5 
22.Nd4 Rae8 23.Qd2 Qe7 24.a4 Rg5 25.Rac1 a6 26.Rc3 Be4 27.f3 Bh7 28.b5 
axb5 29.axb5 Qd7 30.h4 Rge5 31.b6 g5 32.f4 gxf4 33.exf4 Re4 34.Rg3+ Kh8 
35.Qc3 f6 36.f5 R4e5 37.Qc1 Rg8 38.Rxg8+ Kxg8 39.Qh6 Qg7 40.Qxg7+ Kxg7 41.
Ra1 Re4 42.Ne6+ Kh6 43.Nd8 Bxf5 44.Nxb7 Rb4 45.Nd6 Bc2 46.b7 d4 47.Kf2 Rb2
48.Ra2 1-0